The evolution of International business 1800-1945. Volume 4 : France and the economic development of Europe, 1800-1914 /
Introduction. Determinants of economic progress. Sinews of growth: credit and transport. Case histories of development and disappointment. Epilogue and conclusion.
Đã lưu trong:
| Tác giả chính: | |
|---|---|
| Định dạng: | Sách |
| Ngôn ngữ: | English |
| Được phát hành: |
London ; New York :
Routledge,
2000.
|
| Những chủ đề: | |
| Các nhãn: |
Thêm thẻ
Không có thẻ, Là người đầu tiên thẻ bản ghi này!
|
| Thư viện lưu trữ: | Mạng thư viện Đại học Đà Nẵng |
|---|
| LEADER | 01210cam a2200361 i 4500 | ||
|---|---|---|---|
| 001 | 000049712 | ||
| 003 | 9723 | ||
| 005 | 20030314090319.0 | ||
| 008 | 010406|2000 vm 000 eng | ||
| 020 | |a 0415190118 | ||
| 040 | |a IRC |c IRC |d IRC | ||
| 041 | 0 | |a eng | |
| 082 | 1 | 4 | |a 330.94 |b CA-R |
| 100 | 1 | |a Cameron, Rondo E. | |
| 245 | 0 | 4 | |a The evolution of International business 1800-1945. |n Volume 4 : |p France and the economic development of Europe, 1800-1914 / |c Rondo E. Cameron. |
| 260 | |a London ; New York : |b Routledge, |c 2000. | ||
| 300 | |a xviii, 586 p. : |b ill., maps (1 fold. col.) ; |c 22.2cm. | ||
| 520 | 3 | |a Introduction. Determinants of economic progress. Sinews of growth: credit and transport. Case histories of development and disappointment. Epilogue and conclusion. | |
| 630 | 0 | 4 | |a Economics. |
| 630 | 0 | 4 | |a Europe. |
| 650 | 0 | 4 | |a Europe |x Economic conditions. |
| 650 | 0 | 4 | |a France |x Foreign economic relations. |
| 650 | 0 | 4 | |a France |x Economic conditions. |
| OWN | |a DUT | ||
| 999 | |a From the UDN01 | ||
| TYP | |a Monograph | ||
| TYP | |a Printed language | ||
| 980 | |a Mạng thư viện Đại học Đà Nẵng | ||


